书目信息 |
| 题名: |
物理海洋学
|
|
| 作者: | 渊秀隆 著 ;刘玉林 , 常瑞芳 , 刘安国 译 | |
| 分册: | 第1卷 | |
| 出版信息: | 北京 科学出版社 1985 |
|
| 页数: | 415页 | |
| 开本: | 19cm | |
| 丛书名: | ||
| 单 册: | ||
| 中图分类: | P733 | |
| 科图分类: | ||
| 主题词: | 海洋物理学 | |
| 电子资源: | ||
| ISBN: | ||
| 000 | 00786nam0 2200277 45 | |
| 001 | 0185010658 | |
| 005 | 20040524175955.1 | |
| 010 | @dCNY3.15 | |
| 091 | @a13031.2874 | |
| 100 | @a19900904d1985 kemy0chiy0121 ea | |
| 101 | 1 | @achi@cjpn |
| 102 | @aCN@b110000 | |
| 105 | @aa z 000yy | |
| 106 | @ar | |
| 200 | 10 | @a物理海洋学@Awu li hai yang xue@h第1卷@f(日)渊秀隆等著@F(Ri)Yuan Xiu Long Deng Zhu@g刘玉林等译 |
| 210 | @a北京@c科学出版社@d1985 | |
| 215 | @a415页@d19cm | |
| 606 | @a海洋物理学 | |
| 690 | @aP733@v3 | |
| 701 | 0 | @a渊秀隆@Ayuan xiu long@4著 |
| 702 | 0 | @a刘玉林@Aliu yu lin@4译 |
| 702 | 0 | @a常瑞芳@Achang rui fang@4译 |
| 702 | 0 | @a刘安国@Aliu an guo@4译 |
| 801 | 0 | @aCN@b深圳图书馆@c20040524 |
| 801 | 2 | @aCN@bNLC@c20040524 |
| 905 | @f1@b133593@dP733@e15:1 | |
| 物理海洋学.第1卷/(日)渊秀隆等著/刘玉林等译.-北京:科学出版社,1985 |
| 415页;19cm |
| ISBN :CNY3.15 |
| ● |
| 相关链接 |
|
|
|
|
正题名:物理海洋学
索取号:P733/15:1
 
预约/预借
| 序号 | 登录号 | 条形码 | 馆藏地/架位号 | 状态 | 备注 |
| 1 | 0133593 | 000624649 | 第三借阅区/ [索取号:P733/15:1] | 在馆 | |
| 2 | 0133594 | 202122461 | 第二样本阅览室/ [索取号:P733/15:1] | 在馆 |